000 00748cam a2200217 a 4500
001 13182501
005 20250322111348.0
008 030501s2004 njua b 001 0 eng
020 _a0131128442 (pbk.)
020 _a9780131128446
050 0 0 _aLB1584
_b.Z27 2004
082 0 0 _a372.83/044
_221
100 1 _aZarrillo, James.
245 1 0 _aTeaching elementary social studies :
_bprinciples and applications /
_cJames J. Zarrillo.
250 _a2nd ed.
260 _aUpper Saddle River, N.J. :
_bPearson/Merrill Prentice Hall,
_cc2004.
300 _axix, 396 p. :
_bill. ;
_c24 cm.
650 0 _aSocial sciences
_xStudy and teaching (Elementary)
_zUnited States.
650 0 _aMulticultural education
_zUnited States.
942 _2lcc
_cBK
_e2nd Ed.
_n0
999 _c5077
_d5077